| 000 | 00639nam a22002057a 4500 | ||
|---|---|---|---|
| 003 | OSt | ||
| 005 | 20250818050956.0 | ||
| 008 | 250818b |||||||| |||| 00| 0 eng d | ||
| 020 | _a 978-971-0445-36-3. | ||
| 040 |
_aDWCL - Main lib _cOC |
||
| 082 | _aFil.808.5 D332s 2008 | ||
| 100 | _aDela Cruz, Clarissa | ||
| 245 |
_aSpeech and oral communication/ _cClarissa Dela Cruz |
||
| 260 |
_aManila : _bMindshapers Co., Inc., _c c2008. |
||
| 300 |
_axiii, 194 p. : _b: ill. ; _c 23 cm. |
||
| 504 | _aIncludes bibliographical references and index. | ||
| 650 | _a1. Language arts. | ||
| 650 | _a2. Speech. | ||
| 942 |
_2ddc _cBK - FIL _kFil. _n0 |
||
| 999 |
_c4007 _d4007 |
||